|
|
|
|
| LEADER |
00000cem a2200000 a 4500 |
| 001 |
038643 |
| 003 |
UAHC_CL |
| 005 |
20170803124259.0 |
| 008 |
111121b2009 cl 000 spa |
| 040 |
|
|
|a UAHC_CL
|c UAHC_CL
|d UAHC_CL
|
| 245 |
1 |
0 |
|a Combarbalá.
|
| 250 |
|
|
|a 2a. ed.
|
| 255 |
|
|
|a Escala : 1:50.000
|
| 260 |
|
|
|b Instituto Geográfico Militar
|c 2007
|a Santiago, Chile
|
| 300 |
|
|
|a 1 mapa
|b col.
|c 55.2 x 47.7 cm
|
| 500 |
|
|
|a Escala : 1:50.000
|
| 650 |
|
4 |
|a COMBARBALç (CHILE)
|
| 653 |
|
|
|a LICENCIATURA EN HISTORIA
|
| 653 |
|
|
|a GEOGRAFIA
|
| 710 |
1 |
|
|a Instituto Geográfico Militar (Chile)
|
| 900 |
|
|
|a R.912.83235 COM
|
| 942 |
|
|
|c MAP
|
| 952 |
|
|
|0 0
|1 0
|4 0
|6 R__912_832350000000000_COM
|7 0
|8 Mapoteca
|9 73956
|a BC
|b BC
|c Mapoteca
|d 2017-08-03
|l 0
|o R.912.83235 COM
|p 1390386
|r 2019-12-09 00:00:00
|t 1
|w 2017-08-03
|y MAP
|
| 952 |
|
|
|0 0
|1 0
|4 0
|6 R__912_832350000000000_COM
|7 0
|8 Mapoteca
|9 73957
|a BC
|b BC
|c Mapoteca
|d 2017-08-03
|l 0
|o R.912.83235 COM
|p 1420321
|r 2019-12-09 00:00:00
|t 1
|w 2017-08-03
|y MAP
|
| 999 |
|
|
|c 38643
|d 38643
|